|
|
|
|
| LEADER |
00563cam a2200169 7i4500 |
| 001 |
0000020753 |
| 005 |
20080301090000.0 |
| 090 |
0 |
0 |
|a P 684.1
|b CEN
|
| 110 |
2 |
0 |
|a Centre for Industrial studies[CSIL]
|
| 245 |
0 |
0 |
|a The Furniture Industry in China in cluding Hong Kong.
|
| 260 |
0 |
0 |
|a Milan:
|b Centre for Industrial studies[CSIL],
|c 2007.
|
| 300 |
# |
# |
|a 223 p.
|
| 650 |
0 |
0 |
|a Furniture industry and trade --
|z Hong Kong
|
| 650 |
0 |
0 |
|a Furniture industry and trade --
|z China
|
| 651 |
0 |
0 |
|a Hong Kong
|
| 651 |
0 |
0 |
|a China
|
| 999 |
|
|
|a B000021381
|b Book
|c Products
|e Business Information Centre
|